[Event "Nordic Championship"]
[Site "Vaxjo"]
[Date "2017.07.01"]
[Round "8.18"]
[White "Malm Lindberg, Henrik"]
[Black "Carlsson, Ludvig"]
[Result "1-0"]
[WhiteElo "2214"]
[BlackElo "2088"]

1.e4 e6 2.d4 d5 3.Nc3 Nf6 4.e5 Nfd7 5.Nf3 c5 6.dxc5 Nc6 7.Bf4 Bxc5 8.Bd3 
h6 9.h4 a6 10.Qd2 Qc7 11.O-O-O Ndxe5 12.Nxe5 Bd6 13.Ng6 fxg6 14.Bxg6+ Kf8 
15.Bxd6+ Qxd6 16.Rh3 Ne5 17.Ne4 Qc7 18.Rc3 Qb8 19.h5 Nxg6 20.hxg6 Ke7 21.
Rf3 dxe4 22.Rf7+ Ke8 23.Qd8# 1-0

[Event "Nordic Championship"]
[Site "Vaxjo"]
[Date "2017.07.01"]
[Round "8.19"]
[White "Johansson, Thomas"]
[Black "Emmoth, Alfons"]
[Result "1-0"]
[WhiteElo "2205"]
[BlackElo "2053"]

1.d4 Nf6 2.c4 g6 3.Nc3 Bg7 4.e4 d6 5.h3 O-O 6.Be3 e5 7.d5 a5 8.Bd3 Na6 9.
Qd2 Nc5 10.Bc2 Bd7 11.O-O-O Qe8 12.g4 b5 13.cxb5 Bxb5 14.Bxc5 dxc5 15.Qe3 
Rb8 16.Nf3 Qe7 17.a3 Bd7 18.Nd2 Rb7 19.Nc4 Rfb8 20.Rd2 Ne8 21.g5 Nd6 22.
Bd3 a4 23.h4 f5 24.f3 Nxc4 25.Bxc4 Qd6 26.Rdh2 f4 27.Qg1 Be8 28.Rc2 Bf8 
29.Nd1 Rb6 30.Qf1 R6b7 31.Nf2 Bg7 32.Ng4 Kf8 33.Rg1 Rb6 34.Rgg2 R8b7 35.
Rc3 Rb8 36.Rgc2 R8b7 37.Qg1 Bd7 38.Ba2 Rb5 39.Rxc5 Rxc5 40.Qxc5 Qxc5 41.
Rxc5 Bxg4 42.fxg4 Ra7 43.h5 Ke8 44.Rc6 Bf8 45.hxg6 hxg6 46.Rxg6 Kf7 47.
Rf6+ Kg7 48.Bc4 Ra5 49.Kd2 Be7 50.Re6 Bd6 51.Kc3 Kf7 52.Rh6 Kg7 53.Rf6 Kg8
54.g6 Kg7 55.g5 Bc5 56.Be2 Bd6 57.Bg4 Rb5 58.Bf5 Rb3+ 59.Kc4 1-0

[Event "Nordic Championship"]
[Site "Vaxjo"]
[Date "2017.07.01"]
[Round "8.20"]
[White "Krantz, Christopher"]
[Black "Helin, Mikael"]
[Result "1-0"]
[WhiteElo "2200"]
[BlackElo "1861"]

1.b3 c5 2.Bb2 Nc6 3.Nf3 Nf6 4.e3 e6 5.c4 a6 6.a3 Rb8 7.Nc3 d5 8.cxd5 exd5 
9.d4 b5 10.dxc5 Bxc5 11.Rc1 Qd6 12.b4 Ba7 13.Be2 O-O 14.O-O Ne7 15.Nd4 Bd7
16.Bf3 Rb6 17.Nde2 Bb8 18.g3 Bh3 19.Re1 Rd8 20.Nf4 Be6 21.Nce2 Ng6 22.Bxf6
gxf6 23.Nh5 Ne5 24.Nxf6+ Kg7 25.Nh5+ Kh8 26.Qd4 Rb7 27.Bg2 Ba7 28.Qf4 f5 
29.Nd4 Bf7 30.Nxf5 Qe6 31.Qg5 Rg8 32.Qf6+ Qxf6 33.Nxf6 Nd3 34.Nxg8 Nxe1 
35.Nge7 Rb8 36.Rxe1 Re8 37.Bxd5 Bg6 38.Rc1 Bb8 39.Rc6 Be5 40.Nxg6+ hxg6 
41.Rxg6 1-0

[Event "Nordic Championship"]
[Site "Vaxjo"]
[Date "2017.07.01"]
[Round "8.21"]
[White "Nygren, Kim"]
[Black "Petersson, Baldur Teodor"]
[Result "1-0"]
[WhiteElo "2184"]
[BlackElo "2086"]

1.e4 c5 2.Nf3 e6 3.b4 cxb4 4.a3 bxa3 5.Bxa3 Bxa3 6.Rxa3 Ne7 7.d4 d5 8.e5 
Nbc6 9.Nc3 a6 10.Nb5 O-O 11.Bd3 h6 12.Nd6 Nb4 13.h4 Nxd3+ 14.Qxd3 Qb6 15.
Rh3 Bd7 16.Rg3 Qb4+ 17.Kd1 Qb1+ 18.Kd2 Qb4+ 19.Kc1 Bb5 20.Qe3 Bc4 21.Ra1 
Kh7 22.Rb1 Qa5 23.Kd1 b5 24.Qf4 f5 25.Ng5+ Kh8 26.Nxe6 Qa2 27.Rc1 Rg8 28.
Nf7+ Kh7 29.Rxg7+ 1-0

[Event "Nordic Championship"]
[Site "Vaxjo"]
[Date "2017.07.01"]
[Round "8.22"]
[White "Fernandez, Juan Pablo"]
[Black "Wahlund, Max"]
[Result "0-1"]
[WhiteElo "2045"]
[BlackElo "2142"]

1.c4 e5 2.g3 Nc6 3.Bg2 f5 4.Nc3 Nf6 5.Nf3 Bb4 6.Nd5 a5 7.O-O e4 8.Nh4 Nxd5
9.cxd5 Ne7 10.d3 exd3 11.Qxd3 O-O 12.Bg5 h6 13.Bxe7 Qxe7 14.Ng6 Qf6 15.
Nxf8 Bxf8 16.Qc3 Qd6 17.Rac1 c5 18.e4 fxe4 19.Bxe4 b5 20.Qf3 Be7 21.Qf5 
Bb7 22.Qh7+ Kf7 23.Rc3 Bf6 24.Re3 Bd4 25.Rf3+ Ke7 26.Qf5 Kd8 27.Qf8+ Kc7 
28.Qxd6+ Kxd6 29.Rf7 Rd8 30.Re1 Re8 31.Kf1 b4 32.b3 Ba6+ 33.Kg2 c4 34.f3 
c3 35.Rc1 Be3 36.Rc2 Rxe4 37.fxe4 Bd3 38.e5+ Kxe5 39.Rff2 Bxf2 40.Rxf2 c2 
0-1

[Event "Nordic Championship"]
[Site "Vaxjo"]
[Date "2017.07.01"]
[Round "8.23"]
[White "Storme, Isak"]
[Black "Crevatin, Leo"]
[Result "1-0"]
[WhiteElo "2129"]
[BlackElo "2044"]

1.e4 c5 2.Nf3 Nc6 3.d4 cxd4 4.Nxd4 Nf6 5.Nc3 e5 6.Ndb5 d6 7.Bg5 a6 8.Na3 
b5 9.Nd5 Qa5+ 10.Bd2 Qd8 11.Nxf6+ Qxf6 12.Bd3 Be7 13.O-O O-O 14.c4 b4 15.
Nc2 a5 16.a3 bxa3 17.Nxa3 Qg6 18.Nb5 f5 19.exf5 Bxf5 20.Bxf5 Qxf5 21.Bc3 
Qf7 22.Qd5 Qxd5 23.cxd5 Rfb8 24.Nxd6 Nd4 25.Nc4 Rb5 26.d6 Bf6 27.Rfd1 a4 
28.Kf1 Nb3 29.Ra3 Kf7 30.Re1 Ke6 31.f4 e4 32.Bxf6 gxf6 33.Rxe4+ Kd5 34.d7 
Kxe4 35.Nd6+ Kd3 36.Nxb5 Rd8 37.Rxa4 Rxd7 38.Ra7 Nd2+ 39.Kf2 Rd5 40.Nc3 
Rd4 41.g3 h5 42.Ra5 Nc4 43.Rxh5 Nxb2 44.Nd5 Nd1+ 45.Kf3 Kd2 46.Nxf6 Ke1 
47.Re5+ Kf1 48.Rd5 1-0

[Event "Nordic Championship"]
[Site "Vaxjo"]
[Date "2017.07.01"]
[Round "8.24"]
[White "Eriksson, Per"]
[Black "Rishovd, Svein"]
[Result "0-1"]
[WhiteElo "1891"]
[BlackElo "2092"]

1.e4 e6 2.d4 d5 3.Nd2 c5 4.exd5 Qxd5 5.Ngf3 cxd4 6.Bc4 Qd8 7.O-O Nc6 8.Nb3
a6 9.Nbxd4 Nxd4 10.Nxd4 Qc7 11.Qe2 Bd6 12.h3 Ne7 13.Bd3 Ng6 14.Bg5 O-O 15.
Rad1 Nf4 16.Bxf4 Bxf4 17.Rfe1 g6 18.Be4 Bd7 19.c3 Bh6 20.Qf3 Rab8 21.Qd3 
Rfd8 22.Qc2 b5 23.Rd3 e5 24.Nf3 Be6 25.Rxd8+ Rxd8 26.Bd3 Bg7 27.a4 Qd7 28.
Bf1 Bf5 29.Qc1 b4 30.Nxe5 Qxa4 31.b3 Qxb3 32.Bc4 Qxc3 33.Nxf7 Qxc1 34.Rxc1
Ra8 35.g4 Bb2 36.Rd1 Bc2 37.Rd2 b3 38.Ng5+ Kg7 39.Bxb3 Bxb3 40.Rxb2 Bd5 
41.Rd2 Bc4 42.Rd7+ Kf6 43.Nxh7+ Ke5 44.f4+ Ke4 45.Kf2 Bb5 46.Rd6 Kxf4 47.
Rf6+ Ke5 48.Rxg6 Bd3 49.Rg7 Rh8 50.Ng5 Kf6 51.Rd7 Bb5 52.Rd5 Rc8 53.h4 Bc4
54.Ne4+ Ke6 55.Rd2 a5 56.h5 a4 57.Nd6 Rf8+ 58.Kg3 Bd5 59.Nf5 a3 60.Rd1 a2 
61.Kf4 Rb8 62.Ra1 Rb1 63.Nd4+ Kf7 64.Nc2 Bb3 65.Kg5 Kg7 66.h6+ Kh7 67.Kh5 
Bf7+ 68.Kg5 Rb6 69.Kf4 Kxh6 70.Ke3 Rb2 71.Na3 Rb3+ 72.Kd2 Rxa3 73.Kc2 Rh3 
74.Kb2 Rh2+ 75.Ka3 Kg5 76.Rg1 Bg6 77.Ra1 Bb1 0-1

[Event "Nordic Championship"]
[Site "Vaxjo"]
[Date "2017.07.01"]
[Round "8.25"]
[White "Knoppel, Bjorn"]
[Black "Neretljak, Nedzad"]
[Result "0-1"]
[WhiteElo "1805"]
[BlackElo "2083"]

1.d4 e6 2.Nf3 f5 3.Bf4 Nf6 4.h3 Be7 5.c4 O-O 6.Nc3 d6 7.Qc2 a6 8.e3 Qe8 9.
Bd3 b6 10.Bh2 Nc6 11.a3 Nd8 12.O-O Nh5 13.e4 g6 14.e5 g5 15.d5 Ng7 16.exd6
cxd6 17.dxe6 Ndxe6 18.Nd5 Ra7 19.Rfe1 Qh5 20.Nxe7+ Rxe7 21.Bxd6 Ree8 22.
Bxf8 Rxf8 23.Rxe6 Bxe6 24.Nd4 g4 25.Nxe6 Nxe6 26.c5 gxh3 27.Bc4 hxg2 28.
Bxe6+ Kg7 29.Qc3+ Rf6 30.Kxg2 Qg4+ 31.Kf1 bxc5 32.Bd5 f4 33.Bf3 Qh3+ 34.
Bg2 Qg4 35.Bf3 Qh3+ 36.Ke2 Qf5 37.Rg1+ Kf8 38.Qc4 Re6+ 39.Kf1 Qb1+ 40.Kg2 
Rg6+ 41.Kh3 Qxg1 42.Qxc5+ Kg7 43.Qe7+ Kh8 44.Qf8+ Rg8 45.Qf6+ Qg7 46.Qxg7+
Rxg7 47.b4 Rg6 48.Be4 Rg1 49.Bd3 Ra1 50.Kg4 Rxa3 51.Be2 f3 52.Bxf3 Ra4 53.
Kf5 Rxb4 54.Ke5 Rb2 0-1

[Event "Nordic Championship"]
[Site "Vaxjo"]
[Date "2017.07.01"]
[Round "8.26"]
[White "Pettersson, Anders"]
[Black "Green, Per"]
[Result "1-0"]
[WhiteElo "2057"]
[BlackElo "1965"]

1.d4 Nf6 2.c4 e6 3.Nc3 Bb4 4.Bg5 c5 5.d5 d6 6.e3 exd5 7.cxd5 Nbd7 8.a3 
Bxc3+ 9.bxc3 Qa5 10.Bxf6 Nxf6 11.Ne2 O-O 12.f3 Re8 13.Kf2 Bf5 14.Qd2 Be4 
15.g4 Nxg4+ 16.Kg2 Bxd5 17.e4 Bxe4 18.fxe4 Rxe4 19.Ng3 Ne3+ 20.Kf3 Nxf1 
21.Rhxf1 Re6 22.Kg2 Rae8 23.Rf3 Qa6 24.Kg1 Qc6 25.Raf1 f6 26.c4 Re5 27.Nf5
d5 28.Rg3 g5 29.Nh6+ Kg7 30.Ng4 Re2 31.Qd1 f5 32.cxd5 Qd6 33.Nf2 h6 34.Qb3
b6 35.Nh3 Re1 36.Qc3+ R1e5 37.Rxf5 Qxd5 38.Nxg5 Qd1+ 39.Rf1 Qe2 40.Nf3+ 
Kh7 41.Nxe5 Rxe5 42.Qd3+ 1-0

[Event "Nordic Championship"]
[Site "Vaxjo"]
[Date "2017.07.01"]
[Round "8.27"]
[White "Nebrin, Johan"]
[Black "Fors, Tomas"]
[Result "0-1"]
[WhiteElo "1834"]
[BlackElo "2157"]

1.d4 Nf6 2.c4 e6 3.Nc3 Bb4 4.a3 Bxc3+ 5.bxc3 c5 6.f3 Nc6 7.e4 d6 8.Be3 b6 
9.Bd3 O-O 10.Ne2 Ba6 11.Ng3 Na5 12.Qe2 Rc8 13.d5 Qe7 14.O-O exd5 15.cxd5 
Bxd3 16.Qxd3 c4 17.Qe2 Nb3 18.Rab1 g6 19.Bh6 Rfe8 20.Qc2 Nd7 21.f4 f6 22.
f5 g5 23.Rbe1 Ne5 24.Qd1 Nc5 25.Nh5 Nf7 26.Bg7 Nd7 27.Qd4 Nfe5 28.h3 Qf7 
29.g4 Rc5 30.a4 Ra5 31.Ra1 b5 32.axb5 Rxa1 33.Rxa1 Nf3+ 34.Kf2 Nxd4 35.
cxd4 Rxe4 36.Rxa7 Qxd5 37.Bxf6 Qxb5 38.Bxg5 Qb2+ 39.Kg3 Rxd4 40.Rxd7 Rd3+ 
41.Kh4 Qf2+ 42.Ng3 Qxg3+ 43.Kh5 Qxh3+ 44.Bh4 Re3 45.Rd8+ Kf7 46.Rd7+ Kf8 
47.Rd8+ Re8 48.Rxd6 Rc8 49.Rd7 c3 50.Rxh7 Rc4 51.Kg6 Rxg4+ 52.Bg5 Rxg5+ 
0-1

[Event "Nordic Championship"]
[Site "Vaxjo"]
[Date "2017.07.01"]
[Round "8.28"]
[White "Wengholm, Anders"]
[Black "Knutsson, Hakan"]
[Result "1-0"]
[WhiteElo "2209"]
[BlackElo "1880"]

1.Nf3 Nf6 2.c4 e6 3.g3 d5 4.Bg2 Be7 5.O-O O-O 6.d4 dxc4 7.Qc2 a6 8.a4 Bd7 
9.Ne5 Ra7 10.Qxc4 Be8 11.Rd1 Nbd7 12.Nc3 Qb8 13.Be3 Nb6 14.Qb3 Nbd5 15.
Nxd5 Nxd5 16.Bxd5 exd5 17.Qxd5 Qc8 18.Qe4 Bd6 19.d5 Ra8 20.Bd4 f5 21.Qh4 
Qd8 22.Qxd8 Rxd8 23.f3 Bh5 24.Nc4 Be7 25.Bf2 Bf6 26.Na5 b6 27.Nc6 Rd6 28.
Bd4 Bd8 29.Be5 Rd7 30.Bc3 Bf7 31.Ne5 Re7 32.Kf2 a5 33.f4 Bh5 34.b4 1-0

[Event "Nordic Championship"]
[Site "Vaxjo"]
[Date "2017.07.01"]
[Round "8.29"]
[White "Alquist, Erik"]
[Black "Svensson, Bengt"]
[Result "1-0"]
[WhiteElo "2040"]
[BlackElo "1784"]

1.e4 e5 2.Nf3 Nc6 3.Bb5 f5 4.d3 fxe4 5.dxe4 Nf6 6.O-O Bc5 7.Bxc6 bxc6 8.
Nxe5 O-O 9.Nc3 Qe8 10.Nd3 Bd4 11.e5 Bxc3 12.bxc3 Nd5 13.c4 Ne7 14.Bb2 d5 
15.Nc5 Rf4 16.Bd4 Qg6 17.Kh1 Bf5 18.c3 Rh4 19.g3 Rh3 20.Qf3 Rf8 21.Qg2 Rh5
22.h4 Bg4 23.f3 Bc8 24.Kh2 Qf7 25.Rae1 Be6 26.Nxe6 Qxe6 27.cxd5 cxd5 28.
Qh3 Qa6 29.Rf2 Rh6 30.Qd7 Re6 31.Bc5 1-0

[Event "Nordic Championship"]
[Site "Vaxjo"]
[Date "2017.07.01"]
[Round "8.30"]
[White "Halvarsson, Peter"]
[Black "Karlsson, Ulf"]
[Result "0-1"]
[WhiteElo "1889"]
[BlackElo "2027"]

1.e4 c5 2.a3 g6 3.h4 h5 4.Bc4 Bg7 5.Nc3 Nc6 6.d3 d6 7.Nh3 Nf6 8.Ng5 O-O 9.
O-O e6 10.Ba2 a6 11.Ne2 b5 12.c3 a5 13.Bf4 Nh7 14.Rc1 Ba6 15.Ng3 Nxg5 16.
Bxg5 Qd7 17.Be3 Ne5 18.Rc2 b4 19.c4 Ng4 20.Bc1 e5 21.f3 Nf6 22.Rcf2 Bb7 
23.a4 Nh7 24.Ne2 Qe7 25.g3 Bc8 26.Kg2 g5 27.hxg5 Nxg5 28.Rh1 f6 29.Rxh5 
Qf7 30.Qh1 Qe7 31.g4 Kf7 32.Qh4 Bd7 33.Ng3 Rh8 34.Rf1 Rag8 35.Rh1 Kf8 36.
Nf5 Bxf5 37.exf5 Rxh5 38.gxh5 Bh6 39.Kf2 Qd7 40.Bxg5 Rxg5 41.Qe4 Qxa4 42.
Qa8+ Kg7 43.Qb7+ Kh8 44.Re1 Qxa2 0-1

[Event "Nordic Championship"]
[Site "Vaxjo"]
[Date "2017.07.01"]
[Round "8.31"]
[White "Buchert, Vitus"]
[Black "Stolpe, Kjell"]
[Result "0-1"]
[WhiteElo "1970"]
[BlackElo "1622"]

1.e4 d6 2.Nf3 Nf6 3.d3 e5 4.g3 h6 5.Bg2 Bg4 6.O-O Qd7 7.Nbd2 Bh3 8.Re1 
Bxg2 9.Kxg2 g5 10.c3 Qe6 11.Nf1 Nc6 12.Ne3 Ne7 13.Qc2 Ng4 14.d4 Nxe3+ 15.
Bxe3 Bg7 16.Qa4+ Kf8 17.d5 Qg4 18.h3 Qc8 19.Rac1 Bf6 20.c4 b6 21.b4 a5 22.
Rc2 axb4 23.Qxb4 Ra5 24.Nd2 Qa6 25.Ra1 Kg7 26.Nb3 Ra3 27.Qe1 Kh7 28.Nc1 
Qb7 29.Ne2 Rha8 30.Nc3 Bg7 31.Qd2 f6 32.Rh1 h5 33.g4 h4 34.Bxg5 fxg5 35.
Qxg5 Ng6 36.Qh5+ Bh6 0-1

[Event "Nordic Championship"]
[Site "Vaxjo"]
[Date "2017.07.01"]
[Round "8.32"]
[White "Nilsson, Mattias"]
[Black "Sjostrand, Joel"]
[Result "0-1"]
[WhiteElo "1947"]
[BlackElo "1890"]

1.e4 e5 2.Nf3 Nc6 3.c3 d5 4.exd5 Qxd5 5.Be2 e4 6.c4 Qa5 7.Ng1 Bf5 8.Nc3 
Nf6 9.g4 Bg6 10.h4 h6 11.Nh3 Bd6 12.Qa4 Qxa4 13.Nxa4 Nd4 14.Kf1 Nxe2 15.
Kxe2 Nxg4 16.Nc3 Ne5 17.b3 Nd3 18.Nb5 Be5 19.Rb1 Bf5 20.Ba3 Bxh3 0-1

[Event "Nordic Championship"]
[Site "Vaxjo"]
[Date "2017.07.01"]
[Round "8.34"]
[White "Lindvall, Per"]
[Black "Skjoldager, Flemming"]
[Result "1/2-1/2"]
[WhiteElo "1721"]
[BlackElo "1906"]

1.Nf3 Nf6 2.b3 c5 3.Bb2 e6 4.e3 Nc6 5.c4 Be7 6.Be2 O-O 7.O-O d5 8.d4 cxd4 
9.Nxd4 Bd7 10.Nd2 Nxd4 11.Bxd4 Bc6 12.Qc2 Ne4 13.Nxe4 dxe4 14.Rfd1 Qe8 15.
Qb2 f6 16.b4 b6 17.b5 Bb7 18.Qb3 Qf7 19.Bc3 Rfd8 20.Bb4 f5 21.Bxe7 Qxe7 
22.a4 Rxd1+ 23.Rxd1 Kf7 24.Qc3 Rd8 25.Rxd8 Qxd8 26.c5 bxc5 27.Qxc5 Qb6 28.
Qb4 a5 29.Qd2 Bd5 30.Qc3 Kg6 31.h3 Kh6 32.h4 Qd8 33.g3 Kg6 34.Qc5 Qf6 35.
Qd4 Qxd4 36.exd4 Kf6 37.Bd1 Ke7 38.Kf1 Kd6 39.Ke1 h6 40.Ke2 g5 41.hxg5 
hxg5 42.Ke3 g4 43.Kf4 Bc4 44.Ke3 Bd5 45.Bc2 Ba2 1/2-1/2

[Event "Nordic Championship"]
[Site "Vaxjo"]
[Date "2017.07.01"]
[Round "8.35"]
[White "Sukhayanudit, Apichai"]
[Black "Ottosson, Bjorn"]
[Result "1/2-1/2"]
[WhiteElo "1819"]
[BlackElo "1761"]

1.Nf3 c5 2.e4 Nc6 3.c3 Nf6 4.d3 e5 5.Bg5 Be7 6.Nbd2 d6 7.h3 Be6 8.a3 a5 9.
a4 O-O 10.Bxf6 Bxf6 11.Be2 Qd7 12.O-O Ne7 13.Nh2 Ng6 14.Bg4 Nf4 15.Nc4 Bd8
16.Bxe6 Qxe6 17.Ne3 Qg6 18.Kh1 Bb6 19.Qf3 Rad8 20.g3 Nxh3 21.Nd5 Qe6 22.
Nxb6 f5 23.exf5 Rxf5 24.Qd5 Qxd5+ 25.Nxd5 Rxf2 26.Rxf2 Nxf2+ 27.Kg2 Nxd3 
28.b3 Rf8 29.Rd1 Rf2+ 30.Kg1 Nb2 31.Kxf2 Nxd1+ 32.Ke2 Nb2 33.Kd2 c4 34.Kc2
Nd3 35.Nf3 Nc5 36.b4 axb4 37.cxb4 Nxa4 38.Nd2 b5 39.Nc7 Nb6 40.Ne4 d5 41.
Nd6 g5 42.Ncxb5 h5 43.Kd2 Kg7 44.Ke3 Kf6 45.Kf3 Ke6 46.g4 hxg4+ 47.Kxg4 c3
48.Nf5 c2 49.Nfd4+ exd4 50.Nxd4+ Ke5 51.Nxc2 Ke4 52.Kxg5 Kd3 53.Ne1+ Ke2 
54.Nc2 Kd3 55.Ne1+ Kc3 56.Nf3 Kxb4 57.Kf4 Nc4 58.Nd4 Kc3 59.Ne6 Na5 60.Ke3
Nc6 61.Kf2 Kc4 62.Ke3 Kc3 63.Kf2 Nd8 64.Nxd8 d4 65.Ne6 d3 66.Nc5 d2 67.
Ne4+ Kc2 68.Nxd2 Kxd2 1/2-1/2

[Event "Nordic Championship"]
[Site "Vaxjo"]
[Date "2017.07.01"]
[Round "8.36"]
[White "Johansson, Robert"]
[Black "Fakhr Eldin, Majed"]
[Result "0-1"]
[WhiteElo "1397"]
[BlackElo "1450"]

1.e4 c5 2.c3 d5 3.exd5 Qxd5 4.d4 cxd4 5.cxd4 Nc6 6.Nf3 Bg4 7.Be2 Nf6 8.Na3
e6 9.Bc4 Qe4+ 10.Be3 Bb4+ 11.Kf1 Bxa3 12.bxa3 Nd5 13.Qe2 Rd8 14.Rc1 Bxf3 
15.gxf3 Qf5 16.h3 O-O 17.Ke1 Nb6 18.Bd3 Qa5+ 19.Bd2 Qd5 20.Rc5 Qxd4 21.Rc3
Ne5 0-1

[Event "Nordic Championship 50+"]
[Site "Vaxjo"]
[Date "2017.07.01"]
[Round "7.1"]
[White "Kirppo, Ronny"]
[Black "Lauritzen, Einar"]
[Result "1/2-1/2"]
[WhiteElo "1900"]
[BlackElo "1984"]

1.d4 Nf6 2.c4 d6 3.Nc3 Nbd7 4.e4 e5 5.Nf3 c6 6.Be2 Be7 7.O-O O-O 8.Re1 Re8
9.Bf1 a6 10.d5 c5 11.a3 h6 12.b4 b6 13.h3 Nf8 14.Be3 Ng6 15.g3 Nh7 16.Qc2 
Ng5 17.Nxg5 Bxg5 18.Bg2 Bd7 19.Qd3 Bxe3 20.Rxe3 Ra7 21.Kh2 Rc7 22.Rb1 Rf8 
23.b5 a5 24.Re2 Bc8 25.Na4 Rb7 26.Rf1 Qg5 27.Qe3 Qh5 28.Qf3 Qg5 29.Qe3 Qh5
30.Qf3 Qg5 31.Qe3 Qh5 1/2-1/2

[Event "Nordic Championship 50+"]
[Site "Vaxjo"]
[Date "2017.07.01"]
[Round "7.2"]
[White "Karason, Askell O"]
[Black "Mortensen, Henrik"]
[Result "1-0"]
[WhiteElo "2271"]
[BlackElo "1931"]

1.Nf3 c5 2.c4 Nf6 3.Nc3 e6 4.g3 b6 5.Bg2 Bb7 6.O-O d6 7.d4 cxd4 8.Qxd4 a6 
9.b3 Nbd7 10.Bb2 Qc7 11.Rac1 Rc8 12.Rfd1 Be7 13.Ng5 Bxg2 14.Kxg2 Nc5 15.b4
e5 16.Qd2 Ne6 17.Nd5 Qb7 18.Nf3 Nxd5 19.cxd5 Rxc1 20.Rxc1 Nc7 21.e4 O-O 
22.Rc6 f5 23.exf5 Rxf5 24.Qd3 Rf7 25.Nd2 Ne8 26.Ne4 h6 27.Bc1 b5 28.Be3 
Bf8 29.f3 Rc7 30.Qc2 Be7 31.Nd2 Bd8 32.Qg6 Nf6 33.Rxd6 Be7 34.Rc6 Rxc6 35.
Bxh6 Bf8 36.dxc6 Qxc6 37.Bg5 Bxb4 38.Bxf6 Qxf6 39.Qe8+ Bf8 40.Ne4 Qe7 41.
Qg6 Qf7 42.Qxa6 Qc4 43.Qa8 Qe2+ 44.Nf2 Kf7 45.Qd5+ Ke7 46.h4 Ke8 47.Qe4 
Qxe4 48.Nxe4 Kd7 49.Kf2 Kc6 50.Ke2 Kd5 51.Kd3 b4 52.h5 Be7 53.g4 1-0

[Event "Nordic Championship 50+"]
[Site "Vaxjo"]
[Date "2017.07.01"]
[Round "7.3"]
[White "Ortoft, Kai"]
[Black "Holst, Conny"]
[Result "1/2-1/2"]
[WhiteElo "1984"]
[BlackElo "2150"]

1.Nf3 Nf6 2.c4 g6 3.g3 Bg7 4.Bg2 O-O 5.O-O d6 6.Nc3 Nc6 7.d3 e5 8.Rb1 a5 
9.a3 Re8 10.Nd2 h6 11.b4 axb4 12.axb4 Nd4 13.e3 Ne6 14.Nf3 c6 15.Qc2 Nh7 
16.Bd2 Neg5 17.Nxg5 Nxg5 18.b5 Bh3 19.Ne4 Bxg2 20.Kxg2 Ne6 21.bxc6 bxc6 
22.Bb4 c5 23.Bd2 f5 24.Nc3 f4 25.Ne4 Rf8 26.f3 h5 27.Rb2 Bh6 28.Qc1 Ra3 
29.Nf2 fxg3 30.hxg3 Ng5 31.f4 exf4 32.gxf4 Qa8+ 33.e4 Ne6 34.f5 Bxd2 35.
Qxd2 Rxf5 36.Rb8+ Qxb8 37.exf5 gxf5 38.Qh6 Ng7 39.Rg1 Ra7 40.Kh3 Qb2 41.
Rg2 Qe2 42.Qxd6 Qe7 43.Qxe7 Rxe7 44.Kh4 Rd7 45.Rg6 Rd4+ 46.Kg5 Kf7 47.Rf6+
Ke7 48.Kg6 Ne6 49.Rxf5 h4 50.Rf7+ Ke8 51.Ra7 Nf4+ 52.Kg5 h3 53.Rh7 Nxd3 
54.Nxh3 Rxc4 55.Kf5 Rc1 1/2-1/2

[Event "Nordic Championship 50+"]
[Site "Vaxjo"]
[Date "2017.07.01"]
[Round "7.4"]
[White "Pettersson, Kjell-Erik"]
[Black "Johansson, Lennart B"]
[Result "1-0"]
[WhiteElo "1721"]
[BlackElo "1974"]

1.c4 c5 2.Nc3 Nc6 3.g3 g6 4.Bg2 Bg7 5.a3 d6 6.Rb1 Nf6 7.d3 O-O 8.Nf3 Bg4 
9.h3 Bd7 10.O-O Qc8 11.Kh2 Ne8 12.Bd2 Nc7 13.b4 Nd4 14.Nxd4 cxd4 15.Ne4 f5
16.Ng5 h6 17.Nf3 e5 18.Qc1 Kh7 19.e3 Ne6 20.exd4 exd4 21.Bf4 Bc6 22.Bxd6 
Re8 23.b5 Bxf3 24.Bxf3 Qd7 25.c5 Bf8 26.Bxf8 Rxf8 27.c6 Qf7 28.Bd5 Qf6 29.
cxb7 Rad8 30.Bxe6 Qxe6 31.Qc5 f4 32.Rfe1 fxg3+ 33.fxg3 Qa2+ 34.Kh1 Rde8 
35.Re7+ Rf7 36.Rxf7+ Qxf7 37.Qc6 Rb8 38.Kg2 Rf8 39.Rb2 Rb8 40.Rf2 Qxb7 41.
Qxb7+ Rxb7 42.a4 Kg7 43.Rf4 Rd7 44.Re4 Kf6 45.g4 h5 46.Kf3 Rd5 47.h4 hxg4+
48.Kxg4 Kf7 49.Kf3 Kf6 50.Ke2 Kf5 51.Kd2 Rd7 52.Kc2 Rc7+ 53.Kb2 Rd7 54.Kb3
g5 55.hxg5 Kxg5 56.Kc4 Kf5 57.Rxd4 Rc7+ 58.Kb4 Ke5 59.Rc4 Rd7 60.d4+ Kd5 
61.Kc3 Rg7 62.Rc5+ Kd6 63.Kc4 Rg1 64.Rc6+ Kd7 65.Ra6 Rc1+ 66.Kd5 Rc7 67.
Rh6 Rc2 68.Rh7+ Kc8 69.Rxa7 1-0

[Event "Nordic Championship 50+"]
[Site "Vaxjo"]
[Date "2017.07.01"]
[Round "7.5"]
[White "Gunnarsson, Lennart"]
[Black "Olsson, Magnus"]
[Result "1/2-1/2"]
[WhiteElo "1800"]
[BlackElo "1662"]

1.d4 d5 2.e3 Nf6 3.c4 dxc4 4.Bxc4 e6 5.Nf3 c5 6.O-O a6 7.dxc5 Qxd1 8.Rxd1 
Bxc5 9.a3 b5 10.Be2 Bb7 11.Nc3 Nc6 12.b4 Be7 13.Bb2 O-O 14.h3 Rfd8 15.Kf1 
h6 16.Ke1 Kf8 17.g3 g6 18.Kf1 Rac8 19.Ke1 Ke8 20.Rxd8+ Rxd8 21.Rd1 Rd7 22.
Rxd7 Kxd7 23.Nd2 Kc7 24.f4 h5 25.Kf2 Nd7 26.Bf3 Nd8 27.Bxb7 Nxb7 28.e4 Nd6
29.e5 Nb7 30.Ke3 Nb6 31.Ke4 Kc6 32.Kd4 Nd8 33.Ke4 Nb7 34.Kd4 Nd8 1/2-1/2

[Event "Nordic Championship 50+"]
[Site "Vaxjo"]
[Date "2017.07.01"]
[Round "7.6"]
[White "Andersson, Erik"]
[Black "Sandgren, Per-Olov"]
[Result "1-0"]
[WhiteElo "1703"]
[BlackElo "1422"]

1.b4 e6 2.Bb2 d5 3.e3 Nf6 4.b5 Nbd7 5.Nf3 Bd6 6.Be2 O-O 7.O-O a6 8.a4 axb5
9.axb5 Rxa1 10.Bxa1 c6 11.c4 cxb5 12.cxb5 Qc7 13.d4 Ne4 14.Qb3 b6 15.Bb2 
Bb7 16.Rc1 Qb8 17.Ba3 Rc8 18.Rxc8+ Qxc8 19.g3 Bxa3 20.Qxa3 Qb8 21.Bd3 Ndf6
22.Qe7 Nd6 23.Ne5 Nfe8 24.Nd7 1-0

[Event "Nordic Championship 50+"]
[Site "Vaxjo"]
[Date "2017.07.01"]
[Round "7.7"]
[White "Ohlsson, Mikael"]
[Black "Lang, Gusztav"]
[Result "0-1"]
[WhiteElo "1765"]
[BlackElo "1723"]

1.c4 f5 2.b4 Nf6 3.Bb2 b6 4.e3 Bb7 5.Nf3 e6 6.a3 Be7 7.Be2 O-O 8.O-O d6 9.
Nc3 Nc6 10.d4 e5 11.d5 Nb8 12.Qc2 Ng4 13.h3 Nh6 14.a4 Na6 15.Ba3 g5 16.Nh2
Qd7 17.Rab1 Rf7 18.f4 g4 19.hxg4 fxg4 20.fxe5 Rxf1+ 21.Rxf1 dxe5 22.Qe4 g3
23.Nf3 Rf8 24.Nxe5 Rxf1+ 25.Kxf1 Qf5+ 26.Bf3 Qxe4 27.Bxe4 Bf6 28.d6 Bxe4 
29.Nxe4 Bxe5 30.d7 Nf7 31.c5 Nb8 32.cxb6 cxb6 33.Ke2 Nxd7 34.Kf3 Bb8 35.
Nxg3 Nde5+ 36.Kf2 Ng4+ 37.Kf3 Nfe5+ 38.Kf4 Nxe3 39.Kxe3 Nc4+ 40.Kd3 Nxa3 
41.Ne4 Be5 42.Nd2 Kf7 43.Ke4 Bc3 44.Nf3 Bxb4 45.Kd5 Nb1 46.Ne5+ Kg7 47.Nc6
Bc5 48.Kc4 Nd2+ 49.Kb5 Ne4 50.Kc4 Bf2 51.Kb5 a5 52.Kc4 Nc5 53.Kb5 Nd3 54.
Ne7 Ne5 55.Nd5 Nd7 56.Kc6 Ne5+ 57.Kb5 Kg6 58.Nxb6 Bxb6 59.Kxb6 Nc4+ 60.Kb5
Nb2 61.Kxa5 Kg5 62.Kb4 Nxa4 63.Kxa4 Kg4 64.Kb4 h5 65.Kc3 h4 66.Kd3 Kg3 0-1

[Event "Nordic Championship 65+"]
[Site "Vaxjo"]
[Date "2017.07.01"]
[Round "7.1"]
[White "Lauritsen, Niels"]
[Black "Nilsson, Weine"]
[Result "1/2-1/2"]
[WhiteElo "2039"]
[BlackElo "1956"]

1.d4 d5 2.Nc3 Nf6 3.Bg5 e6 4.e4 dxe4 5.Nxe4 Be7 6.Bxf6 Bxf6 7.Nxf6+ Qxf6 
8.Nf3 O-O 9.Bd3 c5 10.dxc5 Qxb2 11.O-O Nc6 12.Qe2 Qf6 13.Rab1 Rb8 14.Be4 
Bd7 15.Rfd1 Qe7 16.Bxh7+ Kxh7 17.Qd3+ Kg8 18.Qxd7 Qxc5 19.Qd3 1/2-1/2

[Event "Nordic Championship 65+"]
[Site "Vaxjo"]
[Date "2017.07.01"]
[Round "7.2"]
[White "Ekelund, Kurt"]
[Black "Grahn, Lars"]
[Result "1/2-1/2"]
[WhiteElo "2003"]
[BlackElo "2008"]

1.e4 Nf6 2.e5 Nd5 3.d4 d6 4.Nf3 dxe5 5.Nxe5 c6 6.Bd3 Nd7 7.Nxd7 Bxd7 8.O-O
g6 9.Re1 Bg7 10.c3 O-O 11.Nd2 Re8 12.Nf3 Bg4 13.h3 Bxf3 14.Qxf3 Qb6 15.Bc4
Rad8 16.Bg5 Qc7 17.Bh4 Rd7 18.Bg3 Qd8 19.Bh4 Qc7 20.Bg3 Qd8 21.Bh4 Qc7 22.
Bg3 1/2-1/2

[Event "Nordic Championship 65+"]
[Site "Vaxjo"]
[Date "2017.07.01"]
[Round "7.3"]
[White "Lekander, Rolf"]
[Black "Wihlborn, Bengt"]
[Result "1-0"]
[WhiteElo "2180"]
[BlackElo "1842"]

1.Nf3 b6 2.e4 Bb7 3.d3 e6 4.Be2 Be7 5.O-O c5 6.Re1 d6 7.Bf1 Nd7 8.Nc3 Ngf6
9.a4 a6 10.g3 O-O 11.Bg2 Qc8 12.Qe2 Ne5 13.Nxe5 dxe5 14.b3 Bc6 15.Bb2 Qc7 
16.Nd1 b5 17.axb5 axb5 18.Ne3 Rxa1 19.Rxa1 Ra8 20.Qe1 h6 21.Rxa8+ Bxa8 22.
Qa1 Bc6 23.Bxe5 Qb7 24.h3 1-0

[Event "Nordic Championship 65+"]
[Site "Vaxjo"]
[Date "2017.07.01"]
[Round "7.4"]
[White "Westin, Ake"]
[Black "Olesen, Christer"]
[Result "1-0"]
[WhiteElo "2098"]
[BlackElo "1827"]

1.f4 d5 2.Nf3 g6 3.e3 Bg7 4.Be2 Nf6 5.O-O O-O 6.d3 c5 7.a4 Nc6 8.Ne5 Qc7 
9.Nxc6 Qxc6 10.Nc3 a6 11.Bf3 Rb8 12.e4 e6 13.Qe1 b5 14.axb5 axb5 15.f5 b4 
16.Qg3 Bd7 17.Bf4 Ra8 18.Rxa8 Rxa8 19.e5 bxc3 20.exf6 Bxf6 21.fxg6 Bd4+ 
22.Kh1 hxg6 23.bxc3 Bxc3 24.h4 Be8 25.h5 Qd7 26.hxg6 fxg6 27.Be5 Bxe5 28.
Qxe5 Bf7 29.Bg4 Re8 30.Rf3 Kf8 31.Qh8+ Ke7 32.Rxf7+ 1-0

[Event "Nordic Championship 65+"]
[Site "Vaxjo"]
[Date "2017.07.01"]
[Round "7.5"]
[White "Norevall, Ulf"]
[Black "Koski, Viljo"]
[Result "1-0"]
[WhiteElo "1769"]
[BlackElo "1917"]

1.d4 d5 2.c4 c6 3.Nf3 Nf6 4.Nc3 e6 5.Bg5 Nbd7 6.cxd5 exd5 7.e3 Qb6 8.Qc2 
Bb4 9.Nd2 O-O 10.a3 Bd6 11.Bd3 h6 12.Bh4 Re8 13.O-O-O a5 14.Na4 Qa7 15.Bg3
Bf8 16.Kb1 b5 17.Nc5 Nxc5 18.dxc5 Bxc5 19.Nb3 Nd7 20.Rc1 Bf8 21.Qxc6 a4 
22.Nd4 b4 23.Nb5 Qa5 24.Bc7 Qa6 25.Qxd5 Nf6 26.Qd4 Qe6 27.Rhd1 Ba6 28.axb4
Qb3 29.Bc2 Qxb4 30.Qxb4 Bxb4 31.Bxa4 Rec8 32.Nd6 Bxd6 33.Bxd6 Be2 34.Rxc8+
Rxc8 35.Rd4 Ba6 36.Be7 Nh7 37.Rd8+ Rxd8 38.Bxd8 Nf8 39.b4 Ne6 40.Bb6 Bb7 
41.f3 h5 42.Kc2 g5 43.Kd3 f5 44.Bd7 Kf7 45.b5 Ke7 46.Bc6 Bc8 47.Kc4 Kd6 
48.Be8 h4 49.Bc6 g4 50.fxg4 fxg4 51.Bd4 Bd7 52.Bxd7 Kxd7 53.b6 Kc6 54.Kd3 
Ng5 55.e4 h3 56.gxh3 1-0